[Event "DEM U10/U10w 2009"]
[Site "Willingen GER"]
[Date "2009.06.03"]
[Round "7"]
[White "Peter, Anton"]
[Black "Dürr, Florian"]
[Result "0-1"]
[Termination "normal"]
[Board "6"]
[WhiteElo "1359"]
[BlackElo "1649"]
[PlyCount "66"]
[WhiteFideId "12901660"]
[BlackFideId "24659134"]
[EventCountry "GER"]
[EventRounds "11"]
[EventType "swiss"]
[EventDate "2009.05.30"]

1. d4 e6 2. c4 Nf6 3. g3 b6 4. Bg2 Nc6 5. Nf3 Bb4+ 6. Bd2 Be7 7. O-O O-O 8. Qc2
Bb7 9. Bc3 Nb8 10. Nbd2 d5 11. Rfd1 c5 12. Rac1 Qc7 13. b3 Nbd7 14. Bb2 Rac8
15. e3 Rfd8 16. Ng5 h6 17. Nh3 Nf8 18. Nf3 Ng6 19. Nd2 a6 20. a4 cxd4 21. Bxd4
e5 22. Bb2 Bb4 23. Nf3 b5 24. axb5 axb5 25. Nd2 Bxd2 26. Rxd2 bxc4 27. bxc4
dxc4 28. Rxd8+ Rxd8 29. Qxc4 Rd1+ 30. Bf1 Qxc4 31. Rxc4 Rxf1+ 32. Kxf1 Ba6 33.
Ke1 Bxc4 0-1

[Event "DEM U10/U10w 2009"]
[Site "Willingen GER"]
[Date "2009.06.03"]
[Round "7"]
[White "Pallas, Sebastian"]
[Black "Petrashov, Alexander"]
[Result "1-0"]
[Termination "normal"]
[Board "7"]
[WhiteElo "1334"]
[BlackElo "1613"]
[PlyCount "123"]
[WhiteFideId "12905453"]
[BlackFideId "24662461"]
[EventCountry "GER"]
[EventRounds "11"]
[EventType "swiss"]
[EventDate "2009.05.30"]

1. d4 Nf6 2. c4 g6 3. Nc3 Bg7 4. e4 d6 5. Nf3 Nbd7 6. Be2 O-O 7. O-O e5 8. d5
Nc5 9. Bd3 Bg4 10. b4 Nxd3 11. Qxd3 Ne8 12. Nd2 f5 13. f3 fxe4 14. fxe4 Rxf1+
15. Qxf1 Nf6 16. Nb3 b6 17. a4 Qe7 18. Bb2 Rf8 19. Qd3 Nh5 20. Rf1 Rxf1+ 21.
Qxf1 a6 22. Ba3 Qf7 23. Qxf7+ Kxf7 24. c5 Ke7 25. cxd6+ cxd6 26. b5 a5 27. Kf2
Bh6 28. h3 Bd7 29. Ne2 Nf4 30. Nxf4 Bxf4 31. Bc1 Bxc1 32. Nxc1 Kf6 33. Kf3 Kg5
34. Nd3 Kf6 35. Nf2 h6 36. Ng4+ Bxg4+ 37. Kxg4 h5+ 38. Kh4 Kg7 39. Kg5 Kf7 40.
g3 Kg7 41. g4 hxg4 42. hxg4 Kh7 43. Kf6 Kh6 44. g5+ Kh5 45. Ke6 Kxg5 46. Kxd6
Kf6 47. Kc7 g5 48. d6 g4 49. d7 Kg5 50. d8=Q+ Kf4 51. Qd3 g3 52. Qxg3+ Kxg3 53.
Kd6 Kf3 54. Kxe5 Ke3 55. Kd5 Kd3 56. e5 Kc3 57. e6 Kb4 58. e7 Kxa4 59. e8=Q Ka3
60. Kc4 Ka4 61. Qe1 Ka3 62. Qa1# 1-0

[Event "DEM U10/U10w 2009"]
[Site "Willingen GER"]
[Date "2009.06.03"]
[Round "7"]
[White "Oelfke, Nils Lukas"]
[Black "Ovsepyan, Arshak"]
[Result "0-1"]
[Termination "normal"]
[Board "8"]
[WhiteElo "1196"]
[BlackElo "1863"]
[PlyCount "108"]
[BlackFideId "24690236"]
[EventCountry "GER"]
[EventRounds "11"]
[EventType "swiss"]
[EventDate "2009.05.30"]

1. e4 e6 2. d4 d5 3. Nc3 Bb4 4. e5 c5 5. a3 Bxc3+ 6. bxc3 Ne7 7. Nf3 O-O 8. Be2
Nbc6 9. O-O b6 10. Bf4 f6 11. exf6 Rxf6 12. Qd2 Bd7 13. Ne5 Nxe5 14. Bxe5 Rf8
15. c4 Bc6 16. dxc5 bxc5 17. cxd5 exd5 18. Qg5 Ng6 19. Qxd8 Raxd8 20. Bg3 Rde8
21. Bf3 Ne5 22. Bxe5 Rxe5 23. c4 Rc8 24. cxd5 Bxd5 25. Bxd5+ Rxd5 26. Rad1 Rcd8
27. Rxd5 Rxd5 28. Rc1 Kf7 29. Kf1 Ke6 30. f3 Kd6 31. Rc4 Kc6 32. a4 Kb6 33. Ke2
a5 34. Ke3 Rd1 35. h4 Rb1 36. Ke4 Kc6 37. Ke5 Rb4 38. Re4 c4 39. Kd4 Rxa4 40.
Kc3 Kd5 41. Re7 Ra3+ 42. Kb2 Rb3+ 43. Kc2 a4 44. Rxg7 a3 45. Rg5+ Kd4 46. Rg4+
Kc5 47. Rg5+ Kb4 48. Rg8 Rb2+ 49. Kc1 Kc3 50. f4 Rd2 51. Kb1 a2+ 52. Ka1 Kc2
53. Kxa2 c3 54. Rc8 Kd1+ 0-1

[Event "DEM U10/U10w 2009"]
[Site "Willingen GER"]
[Date "2009.06.03"]
[Round "7"]
[White "Reimers, Juri"]
[Black "Essler, Oskar"]
[Result "0-1"]
[Termination "normal"]
[Board "9"]
[WhiteElo "1503"]
[BlackElo "1341"]
[PlyCount "108"]
[WhiteFideId "24661511"]
[BlackFideId "12918024"]
[EventCountry "GER"]
[EventRounds "11"]
[EventType "swiss"]
[EventDate "2009.05.30"]

1. e4 e6 2. d4 d5 3. Nc3 Bb4 4. e5 c5 5. a3 Bxc3+ 6. bxc3 Nc6 7. Nf3 cxd4 8.
cxd4 Nge7 9. c3 Nf5 10. Bd3 f6 11. Bf4 O-O 12. O-O fxe5 13. Bxe5 Nxe5 14. Nxe5
Qc7 15. Qc2 Bd7 16. Rac1 Rf6 17. Qb2 b6 18. c4 Qd6 19. cxd5 Qxd5 20. Rc7 Rd8
21. Bxf5 Rxf5 22. Rxa7 Bb5 23. Re1 Qxd4 24. Qxd4 Rxd4 25. Re7 Rxe5 26. Rc1 Red5
27. Rxe6 Rd1+ 28. Re1 Rxe1+ 29. Rxe1 Rd3 30. Ra1 Ba4 31. Kf1 Rd1+ 32. Rxd1 Bxd1
33. Ke1 Ba4 34. Kd2 Kf7 35. Ke3 Ke6 36. g3 g5 37. Ke4 Bc6+ 38. Kd3 Ke5 39. Ke3
g4 40. Kd3 h5 41. Ke3 Bb5 42. f3 gxf3 43. Kxf3 Kd4 44. Kf4 Kc3 45. Kg5 Be8 46.
Kf6 Kb3 47. Ke7 Ba4 48. Kf6 Kxa3 49. Kg5 Bd1 50. h3 b5 51. Kf4 b4 52. Ke3 h4
53. g4 Bxg4 54. hxg4 b3 0-1

[Event "DEM U10/U10w 2009"]
[Site "Willingen GER"]
[Date "2009.06.03"]
[Round "7"]
[White "Litzka, Richard"]
[Black "Greßmann, Moritz"]
[Result "1/2-1/2"]
[Termination "normal"]
[Board "10"]
[WhiteElo "1330"]
[BlackElo "1500"]
[PlyCount "70"]
[BlackFideId "24695084"]
[EventCountry "GER"]
[EventRounds "11"]
[EventType "swiss"]
[EventDate "2009.05.30"]

1. e4 e5 2. Nf3 Nc6 3. Bb5 a6 4. Ba4 Nf6 5. O-O d6 6. Re1 Be7 7. c3 O-O 8. d4
exd4 9. cxd4 Bg4 10. Bxc6 bxc6 11. h3 Bh5 12. Nbd2 Ne8 13. Nb3 Qd7 14. Qd3 Bg6
15. Qc2 f5 16. e5 Bf7 17. Na5 Bd5 18. Bf4 Rb8 19. Rac1 Bxf3 20. gxf3 c5 21. e6
Qb5 22. Qb3 Qxb3 23. axb3 Rb6 24. d5 Nf6 25. Red1 Re8 26. Rd3 h6 27. Rc4 g5 28.
Bd2 Nh7 29. b4 Nf8 30. Rb3 Ng6 31. bxc5 dxc5 32. Rxb6 cxb6 33. Nc6 Bd6 34. Rc3
Kh7 35. Rb3 Nh4 1/2-1/2

[Event "DEM U10/U10w 2009"]
[Site "Willingen GER"]
[Date "2009.06.03"]
[Round "7"]
[White "Riehle, Marco"]
[Black "Flüchter, Gregor"]
[Result "0-1"]
[Termination "normal"]
[Board "11"]
[WhiteElo "1442"]
[BlackElo "1226"]
[PlyCount "126"]
[WhiteFideId "12904392"]
[BlackFideId "12903396"]
[EventCountry "GER"]
[EventRounds "11"]
[EventType "swiss"]
[EventDate "2009.05.30"]

1. e4 c5 2. Nf3 d6 3. d4 cxd4 4. Nxd4 Nf6 5. Nc3 a6 6. f3 e5 7. Nb3 Be6 8. Bd3
Be7 9. O-O O-O 10. f4 exf4 11. Bxf4 Qb6+ 12. Kh1 Ng4 13. Qd2 Nd7 14. h3 Nge5
15. Be3 Qc7 16. Qf2 Nxd3 17. cxd3 Ne5 18. Qc2 Rac8 19. Rad1 Rfd8 20. Qf2 Rf8
21. Qg3 Qd8 22. Nd4 Bh4 23. Nxe6 Bxg3 24. Nxd8 Rfxd8 25. Bg5 f6 26. Ne2 fxg5
27. Nxg3 Rc2 28. d4 Nc4 29. b3 Ne3 30. Nf5 Nxd1 31. Rxd1 Rxa2 32. Kh2 Rb2 33.
Rd3 Kf7 34. Rf3 Kg8 35. Kg3 g6 36. Ne7+ Kg7 37. Rd3 Re8 38. Nd5 Rxe4 39. Nc7
Ree2 40. Rc3 Rxg2+ 41. Kf3 Rgc2 42. Ne6+ Kh6 43. Rd3 Rd2 44. Rc3 Rbc2 45. Rxc2
Rxc2 46. d5 Rc3+ 47. Ke4 Rxb3 48. Nd8 a5 49. Nf7+ Kg7 50. Nxd6 a4 51. Nc4 b5
52. Nd2 Rxh3 53. d6 Kf7 54. Nf3 Rxf3 55. d7 Ke7 56. d8=Q+ Kxd8 57. Kd4 a3 58.
Kc5 a2 59. Kb4 a1=Q 60. Kc5 Qc3+ 61. Kb6 Rf6+ 62. Kb7 Qc7+ 63. Ka8 Ra6# 0-1

[Event "DEM U10/U10w 2009"]
[Site "Willingen GER"]
[Date "2009.06.03"]
[Round "7"]
[White "Hemprich, Iustus"]
[Black "Kaplun, David"]
[Result "0-1"]
[Termination "normal"]
[Board "12"]
[WhiteElo "1420"]
[BlackElo "1312"]
[PlyCount "62"]
[BlackFideId "12901954"]
[EventCountry "GER"]
[EventRounds "11"]
[EventType "swiss"]
[EventDate "2009.05.30"]

1. e4 c5 2. Nf3 e6 3. d4 cxd4 4. Nxd4 a6 5. Nc3 Qc7 6. Be2 Nf6 7. Bf3 d6 8. Be3
Be7 9. O-O Nbd7 10. g3 Ne5 11. Bg2 b5 12. f4 Nc4 13. Bc1 Bb7 14. Re1 Rb8 15. b3
Nb6 16. Bb2 O-O 17. a4 b4 18. Na2 Rfd8 19. c3 bxc3 20. Nxc3 e5 21. Nf5 exf4 22.
gxf4 Bf8 23. Rc1 Qc5+ 24. Kh1 Nxe4 25. Nh6+ gxh6 26. Qg4+ Ng5 27. Ne4 Bc8 28.
Qg3 Qf5 29. fxg5 Qg6 30. Nf6+ Kh8 31. Be4 Bf5 0-1

[Event "DEM U10/U10w 2009"]
[Site "Willingen GER"]
[Date "2009.06.03"]
[Round "7"]
[White "Krüger, David"]
[Black "Spitzl, Vinzent"]
[Result "1/2-1/2"]
[Termination "normal"]
[Board "13"]
[WhiteElo "1094"]
[BlackElo "1382"]
[PlyCount "58"]
[WhiteFideId "12921858"]
[BlackFideId "12901253"]
[EventCountry "GER"]
[EventRounds "11"]
[EventType "swiss"]
[EventDate "2009.05.30"]

1. d4 Nf6 2. c4 g6 3. Nc3 d5 4. e3 Bg7 5. Nf3 O-O 6. Bd2 Bg4 7. Qb3 Bxf3 8.
gxf3 c6 9. Qxb7 Qd6 10. c5 Qd7 11. Qxd7 Nbxd7 12. Ba6 Rab8 13. b3 e5 14. Ne2
Rfe8 15. O-O-O e4 16. f4 Ng4 17. Rdf1 Bf6 18. Ng3 Nf8 19. f5 Bg7 20. f3 Nh6 21.
fxe4 dxe4 22. fxg6 hxg6 23. Rf4 f5 24. h4 Ne6 25. Bc4 Kh8 26. Bxe6 Rxe6 27. Rf2
Kg8 28. h5 Rf8 29. Rhf1 Bxd4 1/2-1/2

[Event "DEM U10/U10w 2009"]
[Site "Willingen GER"]
[Date "2009.06.03"]
[Round "7"]
[White "Paulsen, Alexej"]
[Black "von Reppert, Marc"]
[Result "1-0"]
[Termination "normal"]
[Board "14"]
[WhiteElo "1549"]
[BlackElo "1111"]
[PlyCount "93"]
[WhiteFideId "24662372"]
[BlackFideId "12918130"]
[EventCountry "GER"]
[EventRounds "11"]
[EventType "swiss"]
[EventDate "2009.05.30"]

1. e4 e6 2. d4 d5 3. Nd2 Nf6 4. e5 Nfd7 5. c3 c5 6. Ndf3 Nc6 7. Be3 Be7 8. Ne2
O-O 9. Ng3 Qb6 10. Qb3 Qxb3 11. axb3 cxd4 12. Bxd4 Bc5 13. Bb5 Nxd4 14. cxd4
Bb4+ 15. Ke2 Nb6 16. Rac1 Rd8 17. Rc7 Bd7 18. Bxd7 Rxd7 19. Rxd7 Nxd7 20. Rc1
Ba5 21. Kd3 Nb6 22. Rc7 Rb8 23. Rc1 Rc8 24. Ra1 Bb4 25. Rxa7 Rb8 26. Ne2 Nd7
27. Nc3 Nf8 28. Na2 Be7 29. b4 Ng6 30. g3 Bd8 31. Nd2 Bb6 32. Ra3 Ne7 33. Nb3
h6 34. Nc5 Bxc5 35. bxc5 Nc6 36. b4 b5 37. Ra6 Rc8 38. Rb6 Na7 39. Nc3 Rc6 40.
Rb8+ Kh7 41. Nxb5 Nxb5 42. Rxb5 g6 43. Rb6 Rc7 44. b5 Kg7 45. c6 Ra7 46. Rb7
Ra3+ 47. Kc2 1-0

[Event "DEM U10/U10w 2009"]
[Site "Willingen GER"]
[Date "2009.06.03"]
[Round "7"]
[White "Boes, Julian"]
[Black "Schulte, Felix"]
[Result "1/2-1/2"]
[Termination "normal"]
[Board "15"]
[WhiteElo "1186"]
[BlackElo "1179"]
[PlyCount "141"]
[WhiteFideId "12907723"]
[BlackFideId "12914800"]
[EventCountry "GER"]
[EventRounds "11"]
[EventType "swiss"]
[EventDate "2009.05.30"]

1. e4 c5 2. Nf3 Nc6 3. Bb5 g6 4. O-O Bg7 5. c3 a6 6. Bxc6 dxc6 7. d4 cxd4 8.
cxd4 Bg4 9. d5 Nf6 10. Nc3 O-O 11. h3 Bd7 12. Re1 b5 13. e5 Nxd5 14. Nxd5 cxd5
15. Qxd5 Qc7 16. Bf4 Bc6 17. Qd3 Rfd8 18. Qe3 Qb7 19. e6 Bxb2 20. exf7+ Kxf7
21. Qb3+ Bd5 22. Qxb2 Bxf3 23. gxf3 Qxf3 24. Bg3 Rd7 25. Qb3+ Qxb3 26. axb3 Rd2
27. Re3 Rb2 28. Rd1 a5 29. Rd7 Rb1+ 30. Kg2 a4 31. bxa4 bxa4 32. Rdxe7+ Kf6 33.
R3e6+ Kf5 34. Re5+ Kf6 35. Bh4+ g5 36. Bxg5+ Kg6 37. R7e6+ Kf7 38. Rf6+ Kg8 39.
Rfe6 Rbb8 40. Bf4 Rc8 41. Re1 a3 42. Ra1 Rc2 43. Ree1 a2 44. Be5 Kf7 45. Kf1
Ke6 46. Bg3+ Kd5 47. Re2 Rxe2 48. Kxe2 Kc4 49. Be5 Re8 50. f4 Kb3 51. Kf3 Rd8
52. Kg4 Rg8+ 53. Kh5 Rg3 54. h4 Rh3 55. Kh6 Rh2 56. h5 Ka3 57. Kxh7 Rxh5+ 58.
Kg6 Rh3 59. f5 Re3 60. Bg7 Rb3 61. f6 Rb6 62. Kh7 Rb7 63. Kg6 Rb6 64. Kf5 Rb7
65. Ke6 Rb6+ 66. Kd5 Rb7 67. Kc6 Ra7 68. Kd5 Ra5+ 69. Kc4 Ra7 70. f7 Rxf7 71.
Bd4 1/2-1/2

[Event "DEM U10/U10w 2009"]
[Site "Willingen GER"]
[Date "2009.06.03"]
[Round "7"]
[White "Bachem, Oliver"]
[Black "Wiesner, Paula"]
[Result "0-1"]
[Termination "normal"]
[Board "16"]
[WhiteElo "1349"]
[BlackElo "1942"]
[PlyCount "172"]
[WhiteFideId "12940186"]
[BlackFideId "24654019"]
[EventCountry "GER"]
[EventRounds "11"]
[EventType "swiss"]
[EventDate "2009.05.30"]

1. e4 e5 2. Nf3 Nf6 3. Nxe5 d6 4. Nf3 Nxe4 5. Nc3 Nxc3 6. dxc3 Be7 7. Bf4 O-O
8. Qd2 Nd7 9. O-O-O Nc5 10. Bd3 Nxd3+ 11. Qxd3 a5 12. h4 Bd7 13. Ng5 g6 14.
Nxh7 Bf5 15. Qg3 Kxh7 16. h5 g5 17. Be5 Bf6 18. Bxf6 Qxf6 19. Qf3 g4 20. Qf4
Qe5 21. Rd4 Qxf4+ 22. Rxf4 Be6 23. h6 Rg8 24. b3 Rg6 25. f3 gxf3 26. gxf3 Rxh6
27. Rg1 Rg8 28. Rd1 Rg2 29. Kb2 Rhh2 30. Rc1 Kg6 31. Ra4 b6 32. Re4 Kf6 33. Rd4
Bf5 34. Rf4 Kg5 35. Rd4 Rxc2+ 36. Rxc2 Rxc2+ 37. Ka3 Rxc3 38. Ka4 Rxf3 39. Kb5
Rf4 40. Rd2 Bd7+ 41. Ka6 Rb4 42. Rg2+ Kf4 43. Rf2+ Ke5 44. Rxf7 Ke6 45. Rh7 d5
46. Rh6+ Ke5 47. Rh5+ Kd4 48. Rh4+ Kc5 49. Rh7 Bb5+ 50. Ka7 c6 51. Rh3 d4 52.
Rh5+ Kd6 53. Rh6+ Ke5 54. Rh5+ Kf4 55. Rh4+ Kg3 56. Rh8 d3 57. Rd8 Kf2 58. Kxb6
a4 59. Ka5 Re4 60. Rd6 Ke2 61. bxa4 Rxa4+ 62. Kb6 Rxa2 63. Re6+ Kd1 64. Rh6 d2
65. Rh1+ Kc2 66. Rh2 Kd3 67. Rh3+ Ke2 68. Rh2+ Kf3 69. Rh1 Ba4 70. Rf1+ Ke2 71.
Rh1 d1=Q 72. Rh2+ Ke3 73. Rh3+ Kf4 74. Rh4+ Kg3 75. Rb4 Qg1+ 76. Kc7 Qa7+ 77.
Kd6 Rd2+ 78. Ke6 Qd7+ 79. Kf6 Qd6+ 80. Kg7 Qxb4 81. Kf7 Rd6 82. Ke7 Rh6+ 83.
Kd7 Qd6+ 84. Kc8 c5 85. Kb7 Rh7+ 86. Kc8 Qf8# 0-1

[Event "DEM U10/U10w 2009"]
[Site "Willingen GER"]
[Date "2009.06.03"]
[Round "7"]
[White "Reuker, Jari"]
[Black "Kollars, Dmitrij"]
[Result "0-1"]
[Termination "normal"]
[Board "17"]
[WhiteElo "1147"]
[BlackElo "1465"]
[PlyCount "82"]
[WhiteFideId "12909300"]
[BlackFideId "12909572"]
[EventCountry "GER"]
[EventRounds "11"]
[EventType "swiss"]
[EventDate "2009.05.30"]

1. c4 Nf6 2. Nc3 g6 3. g3 Bg7 4. Bg2 d6 5. d4 O-O 6. Nf3 Nbd7 7. O-O e5 8. Qc2
exd4 9. Nxd4 Ne5 10. Rd1 Qe7 11. Bg5 h6 12. Bxf6 Qxf6 13. Nd5 Qd8 14. e4 Bg4
15. Rd2 Qd7 16. f4 Nc6 17. Nxc6 bxc6 18. Ne3 Bh3 19. Bh1 Rab8 20. e5 Rfe8 21.
c5 d5 22. Bf3 Be6 23. Qa4 Bf8 24. Rc1 Rb5 25. Qxa7 Rbb8 26. Qa4 Ra8 27. Qd4
Rxa2 28. b4 Rea8 29. Rcc2 Ra1+ 30. Rd1 Rxd1+ 31. Bxd1 Qc8 32. Be2 Qb7 33. Rc1
Ra2 34. Bd3 Qa7 35. b5 cxb5 36. Bxb5 Ra5 37. Qd3 Bxc5 38. Bc6 Bxe3+ 39. Kg2
Bxc1 40. Qd1 Ra2+ 41. Kf1 Qf2# 0-1

[Event "DEM U10/U10w 2009"]
[Site "Willingen GER"]
[Date "2009.06.03"]
[Round "7"]
[White "Fieberg, Samuel"]
[Black "Fabiunke, Jakob"]
[Result "0-1"]
[Termination "normal"]
[Board "18"]
[WhiteElo "1125"]
[BlackElo "1289"]
[PlyCount "50"]
[WhiteFideId "12901717"]
[BlackFideId "24686085"]
[EventCountry "GER"]
[EventRounds "11"]
[EventType "swiss"]
[EventDate "2009.05.30"]

1. e4 e5 2. Nf3 Nc6 3. Bc4 Bc5 4. c3 Nf6 5. d4 exd4 6. e5 d5 7. Bb5 Nd7 8. cxd4
Bb4+ 9. Bd2 Bxd2+ 10. Nbxd2 a6 11. Ba4 Nb6 12. Bc2 Bg4 13. Nb3 Qe7 14. O-O Nc4
15. Rb1 O-O 16. Bd3 f6 17. exf6 Rxf6 18. Bxh7+ Kxh7 19. Ng5+ Kg8 20. Qxg4 Rg6
21. Qf3 Rxg5 22. Rfe1 Qf6 23. Qh3 Rf8 24. Qe6+ Qxe6 25. Rxe6 Rgf5 0-1

[Event "DEM U10/U10w 2009"]
[Site "Willingen GER"]
[Date "2009.06.03"]
[Round "7"]
[White "Nobis, Anna"]
[Black "Hermann, Tobias"]
[Result "1/2-1/2"]
[Termination "normal"]
[Board "19"]
[WhiteElo "1269"]
[BlackElo "1161"]
[PlyCount "112"]
[WhiteFideId "1270302"]
[BlackFideId "12903701"]
[EventCountry "GER"]
[EventRounds "11"]
[EventType "swiss"]
[EventDate "2009.05.30"]

1. e4 e5 2. Nf3 d6 3. Bc4 Be7 4. c3 Nf6 5. d3 O-O 6. O-O Nbd7 7. Nbd2 c6 8. Re1
Nb6 9. Bb3 Bd7 10. d4 Qc7 11. Nf1 Rad8 12. Ng3 Rfe8 13. Qc2 h6 14. Bd2 Bg4 15.
Qd3 c5 16. dxc5 dxc5 17. Qe3 c4 18. Bc2 Bc5 19. Qe2 Bxf3 20. gxf3 Rd7 21. b4
cxb3 22. axb3 a6 23. Rad1 Red8 24. Be3 Rxd1 25. Rxd1 Rxd1+ 26. Bxd1 Bxe3 27.
Qxe3 Nbd7 28. Nf5 Kh7 29. Qd2 Ne8 30. c4 Ndf6 31. Be2 Qd7 32. Qe3 Ng8 33. f4
exf4 34. Qxf4 g6 35. Ne3 Ng7 36. Nd5 Kh8 37. Bg4 f5 38. exf5 gxf5 39. Bf3 Qd8
40. Qc7 Qg5+ 41. Qg3 Qd8 42. Qe5 Qg5+ 43. Kf1 b5 44. c5 Qc1+ 45. Kg2 Qxc5 46.
Qb8 Qc1 47. h4 Kh7 48. Qb6 Qa3 49. b4 Kh8 50. Qb8 Kh7 51. Qd6 Qa4 52. Ne7 a5
53. bxa5 Qxa5 54. Qc5 Qa4 55. Kg3 Qc4 56. Qb6 f4+ 1/2-1/2

[Event "DEM U10/U10w 2009"]
[Site "Willingen GER"]
[Date "2009.06.03"]
[Round "7"]
[White "Baberz, Alexander"]
[Black "Berdin, Victoria"]
[Result "1/2-1/2"]
[Termination "normal"]
[Board "20"]
[WhiteElo "1268"]
[BlackElo "1137"]
[PlyCount "68"]
[WhiteFideId "12921734"]
[EventCountry "GER"]
[EventRounds "11"]
[EventType "swiss"]
[EventDate "2009.05.30"]

1. d4 d5 2. c4 e6 3. Nc3 Nf6 4. Nf3 Be7 5. e3 O-O 6. Bd3 b6 7. O-O Bb7 8. b3
dxc4 9. bxc4 c5 10. Bb2 Nbd7 11. Be2 Ne4 12. Nxe4 Bxe4 13. Nd2 Bc6 14. Bf3 Bxf3
15. Nxf3 Nf6 16. Ne5 Bd6 17. Qe2 Nd7 18. Rfd1 Qc7 19. Nxd7 Qxd7 20. dxc5 bxc5
21. Be5 Qc6 22. Rxd6 Qc8 23. Qg4 f6 24. Bb2 Rb8 25. Ba3 Rb6 26. Rxb6 axb6 27.
Rb1 Qc6 28. Qf3 Qd6 29. Rd1 Qc7 30. Qf4 Qa7 31. Rd3 Qa5 32. h3 Qe1+ 33. Kh2 Qe2
34. Qe4 Re8 1/2-1/2

[Event "DEM U10/U10w 2009"]
[Site "Willingen GER"]
[Date "2009.06.03"]
[Round "7"]
[White "Graf, Clara Victoria"]
[Black "Perske, Thore"]
[Result "0-1"]
[Termination "normal"]
[Board "21"]
[WhiteElo "1255"]
[BlackElo "1120"]
[PlyCount "136"]
[WhiteFideId "1270339"]
[BlackFideId "12902195"]
[EventCountry "GER"]
[EventRounds "11"]
[EventType "swiss"]
[EventDate "2009.05.30"]

1. e4 e6 2. d4 d5 3. exd5 exd5 4. Bd3 Bd6 5. c3 c6 6. h3 Ne7 7. Nf3 Be6 8. Be3
Nd7 9. O-O Qc7 10. Nbd2 O-O-O 11. Qc2 g6 12. a4 h5 13. Ng5 Nf5 14. Ndf3 Rde8
15. Rfe1 Nf6 16. Ne5 Kb8 17. b4 Nxe3 18. Rxe3 Bxe5 19. dxe5 Nd7 20. Nf3 Rhg8
21. c4 dxc4 22. Bxc4 Bxc4 23. Qxc4 Nxe5 24. Rae1 Nxc4 25. Rxe8+ Rxe8 26. Rxe8+
Qc8 27. Rxc8+ Kxc8 28. Kf1 Nb2 29. a5 Nd3 30. Ng5 f6 31. Ne6 Nxb4 32. Nf4 g5
33. Nxh5 Nd5 34. Ke2 b6 35. axb6 axb6 36. Kd3 Kd7 37. g3 Kd6 38. f4 b5 39. fxg5
fxg5 40. Ng7 Ke5 41. h4 gxh4 42. gxh4 Nf6 43. h5 c5 44. h6 Kd5 45. Ne8 Nh7 46.
Nc7+ Kc6 47. Nxb5 Kxb5 48. Kc3 c4 49. Kc2 Kb4 50. Kb2 Nf6 51. Kc2 Nh7 52. Kb2
c3+ 53. Kc2 Kc4 54. Kc1 Kb3 55. Kb1 c2+ 56. Kc1 Ng5 57. h7 Nxh7 58. Kd2 Kb2 59.
Ke3 c1=Q+ 60. Ke4 Qc5 61. Kf4 Qe7 62. Kf5 Kc3 63. Kg6 Qf6+ 64. Kxh7 Qg5 65. Kh8
Kd4 66. Kh7 Ke5 67. Kh8 Kf6 68. Kh7 Qg7# 0-1

[Event "DEM U10/U10w 2009"]
[Site "Willingen GER"]
[Date "2009.06.03"]
[Round "7"]
[White "Balzer, Alexander"]
[Black "Richardt, Angelina"]
[Result "1/2-1/2"]
[Termination "normal"]
[Board "23"]
[WhiteElo "1229"]
[BlackElo "1094"]
[PlyCount "70"]
[WhiteFideId "34609822"]
[BlackFideId "12938149"]
[EventCountry "GER"]
[EventRounds "11"]
[EventType "swiss"]
[EventDate "2009.05.30"]

1. d4 Nf6 2. c4 d6 3. Nc3 Nbd7 4. Nf3 c6 5. e3 Qc7 6. Be2 e5 7. O-O a6 8. a4 a5
9. Re1 Be7 10. Bd2 O-O 11. Rc1 Qd8 12. Qc2 Re8 13. Rcd1 Qc7 14. Bd3 Bf8 15. Ng5
g6 16. Nce4 Nxe4 17. Bxe4 Bg7 18. d5 Qd8 19. dxc6 bxc6 20. Bxc6 Ra6 21. Bxd7
Bxd7 22. e4 Rf8 23. Nf3 f5 24. Qb3 Kh8 25. exf5 Rxf5 26. Ra1 Bc6 27. Re3 Qf6
28. Qc3 Qf7 29. Qa3 e4 30. Ne1 Rxf2 31. Nf3 Rxd2 32. Nxd2 Bd4 33. Rae1 Bxe3+
34. Rxe3 Qf4 35. g3 Qf6 1/2-1/2

[Event "DEM U10/U10w 2009"]
[Site "Willingen GER"]
[Date "2009.06.03"]
[Round "7"]
[White "Sieber, Fiona"]
[Black "Teichmann, Felix"]
[Result "1-0"]
[Termination "normal"]
[Board "24"]
[WhiteElo "1082"]
[BlackElo "1211"]
[PlyCount "99"]
[WhiteFideId "12902373"]
[BlackFideId "12927538"]
[EventCountry "GER"]
[EventRounds "11"]
[EventType "swiss"]
[EventDate "2009.05.30"]

1. c4 e5 2. Nc3 Nf6 3. g3 Bc5 4. Bg2 c6 5. Nf3 e4 6. Ng1 d5 7. f3 Bf5 8. Nh3
exf3 9. exf3 O-O 10. d4 Re8+ 11. Ne2 Bd3 12. Qxd3 dxc4 13. Qxc4 Bxd4 14. Nf2 b5
15. Qc2 Bxf2+ 16. Kxf2 Qb6+ 17. Kf1 Nbd7 18. Bd2 Re7 19. Re1 Rae8 20. Nf4 Rxe1+
21. Bxe1 Qe3 22. Bf2 Qe7 23. h4 Nd5 24. Nxd5 cxd5 25. Kg1 Nf6 26. Kh2 Rd8 27.
Re1 Qd7 28. Bh3 Qb7 29. Bd4 Qa6 30. Rc1 h6 31. Qc6 Qa5 32. Rd1 Re8 33. Bxf6
Re2+ 34. Kh1 gxf6 35. Qxd5 Kg7 36. Qd4 Qc7 37. Qg4+ Kh7 38. Qd7 Qxd7 39. Rxd7
Re1+ 40. Kg2 Re2+ 41. Kf1 Rxb2 42. Rxf7+ Kg6 43. Rxa7 Rb1+ 44. Ke2 b4 45. Ke3
Ra1 46. Kf4 f5 47. Bxf5+ Kf6 48. g4 b3 49. g5+ hxg5+ 50. hxg5# 1-0

[Event "DEM U10/U10w 2009"]
[Site "Willingen GER"]
[Date "2009.06.03"]
[Round "7"]
[White "Schmidt, Tobias"]
[Black "Hümmecke, Sarah"]
[Result "0-1"]
[Termination "time forfeit"]
[Board "25"]
[WhiteElo "1205"]
[BlackElo "979"]
[PlyCount "68"]
[WhiteFideId "1271683"]
[EventCountry "GER"]
[EventRounds "11"]
[EventType "swiss"]
[EventDate "2009.05.30"]

1. e4 e5 2. Nf3 Nc6 3. Bc4 Nf6 4. Ng5 d5 5. exd5 Na5 6. Bb5+ c6 7. dxc6 bxc6 8.
Qf3 Rb8 9. Be2 Be7 10. Nc3 h6 11. Nge4 Bb7 12. Nxf6+ Bxf6 13. d3 c5 14. Qg3 Bc6
15. O-O Qe7 16. b3 Rc8 17. Bb2 O-O 18. Ne4 Bxe4 19. dxe4 c4 20. Bd1 cxb3 21.
axb3 Nc6 22. Bg4 Rc7 23. c4 Re8 24. Rfd1 Rd8 25. Rxd8+ Nxd8 26. Rd1 Nc6 27. Qh3
Nd4 28. Rd3 Qb4 29. Bc3 Qb7 30. Bxd4 exd4 31. Bf3 Qb4 32. g3 a5 33. Qf5 Rc5 34.
Qd7 34... Re5 0-1

[Event "DEM U10/U10w 2009"]
[Site "Willingen GER"]
[Date "2009.06.03"]
[Round "7"]
[White "Truong, Van Trang"]
[Black "Kania, Markus"]
[Result "0-1"]
[Termination "normal"]
[Board "26"]
[WhiteElo "1059"]
[BlackElo "1178"]
[PlyCount "108"]
[BlackFideId "12903736"]
[EventCountry "GER"]
[EventRounds "11"]
[EventType "swiss"]
[EventDate "2009.05.30"]

1. e4 c5 2. Nc3 Nc6 3. g3 g6 4. Bg2 Bg7 5. Nf3 d6 6. O-O e6 7. d3 Nge7 8. Be3
O-O 9. Qd2 Rb8 10. Bh6 b5 11. Bxg7 Kxg7 12. Nh4 b4 13. Ne2 a5 14. f4 d5 15. g4
f5 16. Qe3 Qb6 17. Kh1 fxg4 18. Rad1 Bd7 19. d4 cxd4 20. Nxd4 Nxd4 21. Rxd4 Nc6
22. Rd3 Qxe3 23. Rxe3 Kh6 24. exd5 exd5 25. Bxd5 g5 26. Ng2 Rf6 27. fxg5+ Kxg5
28. Rxf6 Kxf6 29. Ne1 h5 30. Nd3 Nd4 31. Nc5 Bf5 32. Be4 Re8 33. c3 bxc3 34.
bxc3 Nf3 35. Kg2 Nd2 36. Kg3 Nxe4+ 37. Kf4 Nd6 38. Rxe8 Nxe8 39. Ne4+ Bxe4 40.
Kxe4 Nd6+ 41. Kd5 h4 42. Kd4 Nb5+ 43. Ke4 Nxc3+ 44. Kf4 Nxa2 45. Kxg4 Nc3 46.
Kxh4 a4 47. Kh5 a3 48. h4 a2 49. Kg4 a1=Q 50. h5 Qh1 51. Kf4 Qxh5 52. Ke3 Qg4
53. Kd3 Ke5 54. Kxc3 Kd5 0-1

[Event "DEM U10/U10w 2009"]
[Site "Willingen GER"]
[Date "2009.06.03"]
[Round "7"]
[White "Rogozenco, Teodora Nana"]
[Black "Scheinhütte, Jakob"]
[Result "0-1"]
[Termination "time forfeit"]
[Board "27"]
[WhiteElo "798"]
[BlackElo "1174"]
[PlyCount "46"]
[WhiteFideId "12938084"]
[BlackFideId "24693944"]
[EventCountry "GER"]
[EventRounds "11"]
[EventType "swiss"]
[EventDate "2009.05.30"]

1. d4 e6 2. c4 Bb4+ 3. Bd2 Bxd2+ 4. Qxd2 Nf6 5. Nc3 d5 6. Qc2 b6 7. Nf3 c5 8.
e3 O-O 9. Bd3 Bb7 10. Qd1 Nbd7 11. O-O Qc7 12. b3 Rac8 13. Rc1 Rfd8 14. Qe2 h6
15. h4 Qb8 16. Qc2 Ng4 17. Ne2 Ndf6 18. Ng3 Qa8 19. Be2 Qb8 20. Rcd1 dxc4 21.
bxc4 Nh5 22. Ne5 Nxg3 23. fxg3 Nxe3 0-1